Một trăm nhân vật tiêu biểu ở Sài Gòn - Thành phố Hồ Chí Minh thế kỷ XX

Giới thiệu 100 nhân vật tiêu biểu của Sài Gòn - Thành phố Hồ Chí Minh thế kỷ 20 trong các hoạt động xây dựng kinh tế, phát triển văn hóa, tổ chức xã hội và bảo vệ Tổ quốc

Gorde:
Xehetasun bibliografikoak
Egile nagusia: Nguyễn, Thu Vân
Formatua: Liburua
Hizkuntza:Undetermined
Argitaratua: Tp. Hồ Chí Minh Văn hóa - Văn nghệ 2014
Gaiak:
Sarrera elektronikoa:http://lrc.tdmu.edu.vn/opac/search/detail.asp?aID=2&ID=22837
Etiketak: Etiketa erantsi
Etiketarik gabe, Izan zaitez lehena erregistro honi etiketa jartzen!
Thư viện lưu trữ: Trung tâm Học liệu Trường Đại học Thủ Dầu Một
LEADER 01097nam a2200193Ia 4500
001 TDMU_22837
008 210410s9999 xx 000 0 und d
082 |a 959.779092 
090 |b NG527 
100 |a Nguyễn, Thu Vân 
245 0 |a Một trăm nhân vật tiêu biểu ở Sài Gòn - Thành phố Hồ Chí Minh thế kỷ XX 
260 |a Tp. Hồ Chí Minh 
260 |b Văn hóa - Văn nghệ 
260 |c 2014 
300 |a 334 tr. 
520 |a Giới thiệu 100 nhân vật tiêu biểu của Sài Gòn - Thành phố Hồ Chí Minh thế kỷ 20 trong các hoạt động xây dựng kinh tế, phát triển văn hóa, tổ chức xã hội và bảo vệ Tổ quốc 
650 |a Danh nhân  |z Thành phố Hồ Chí Minh (Việt Nam); Thành phố Hồ Chí Minh (Việt Nam)  |x Lịch sử; Nhân vật lịch sử  |y Thế kỷ 20 
856 |u http://lrc.tdmu.edu.vn/opac/search/detail.asp?aID=2&ID=22837 
980 |a Trung tâm Học liệu Trường Đại học Thủ Dầu Một